Urdu literature / (Record no. 233150)

000 -LEADER
fixed length control field 00983cam a2200289 a 4500
001 - CONTROL NUMBER
control field 509133
003 - CONTROL NUMBER IDENTIFIER
control field Nust
005 - DATE AND TIME OF LATEST TRANSACTION
control field 20180117090025.0
008 - FIXED-LENGTH DATA ELEMENTS--GENERAL INFORMATION
fixed length control field 851112s1985 enk b 000 0 eng
010 ## - LIBRARY OF CONGRESS CONTROL NUMBER
LC control number 85227308
020 ## - INTERNATIONAL STANDARD BOOK NUMBER
International Standard Book Number 0907962300
040 ## - CATALOGING SOURCE
Original cataloging agency DLC
Transcribing agency DLC
Modifying agency DLC
043 ## - GEOGRAPHIC AREA CODE
Geographic area code a-ii---
-- a-pk---
050 00 - LIBRARY OF CONGRESS CALL NUMBER
Classification number PK2155
Item number .M38 1985
082 00 - DEWEY DECIMAL CLASSIFICATION NUMBER
Classification number 891/.439/09
Edition number 19
100 1# - MAIN ENTRY--PERSONAL NAME
Personal name Matthews, David
Fuller form of name (David John),
Dates associated with a name 1942-
245 10 - TITLE STATEMENT
Title Urdu literature /
Statement of responsibility, etc. D.J. Matthews, C. Shackle, Shahrukh Husain.
260 ## - PUBLICATION, DISTRIBUTION, ETC.
Place of publication, distribution, etc. Islamabad
Name of publisher, distributor, etc. Alhamra publishing
Date of publication, distribution, etc. 2003.
300 ## - PHYSICAL DESCRIPTION
Extent 288 p. ;
Dimensions 19 cm.
504 ## - BIBLIOGRAPHY, ETC. NOTE
Bibliography, etc. note Bibliography: p. [133]-135.
650 #0 - SUBJECT ADDED ENTRY--TOPICAL TERM
Topical term or geographic name entry element Urdu literature
General subdivision History and criticism.
700 1# - ADDED ENTRY--PERSONAL NAME
Personal name Shackle, C.
700 0# - ADDED ENTRY--PERSONAL NAME
Personal name Shahrukh Husain.
906 ## - LOCAL DATA ELEMENT F, LDF (RLIN)
a 7
b cbc
c orignew
d 3
e ncip
f 19
g y-gencatlg
942 ## - ADDED ENTRY ELEMENTS (KOHA)
Source of classification or shelving scheme
Koha item type Book
Holdings
Withdrawn status Lost status Source of classification or shelving scheme Damaged status Not for loan Collection code Permanent Location Current Location Shelving location Date acquired Total Checkouts Full call number Barcode Date last seen Price effective from Koha item type
            Central Library (CL) Central Library (CL) General Stacks 03/03/2017   891/.439/09 MAT S3H-S-316 11/20/2023 03/03/2017 Book
© 2023 Central Library, National University of Sciences and Technology. All Rights Reserved.